Mountain chain #1 - Statistics

General Stats
  • This quiz has been taken 18 times
  • The average score is 3 of 10
Answer Stats
Hint Answer % Correct
The tallest mountain in the world Everest
100%
The second tallest mountain in the world K2
88%
Famous mountain ftrom the Greek mythology Olympus
76%
The tallest mountain in Spain (including overseas territories) Teide
24%
The tallest mountain in the Sahara desert Emi Koussi
6%
The tallest mountain in Tajikistan Ismoil Somoni Peak
0%
The fastest growing mountain in the world Nanga Parbat
0%
The tallest active volcano in the world Ojos del Salado
0%
The tallest mountain in the Saur mountain range Sauyr Zhotasy
0%
The tallest mountain in Taiwan Yushan
0%
No matching quizzes found
Score Distribution
Percent of People with Each Score
Percentile by Number Answered
Your Score History
You have not taken this quiz